• 首页
  • 本馆介绍
  • 公告通知
  • 最新文献
  • 馆藏检索
  • 电子资源
  • 读者导购
  • 参考咨询
  • 我的图书馆
  • 登录
  • 详细信息显示
  • 放入我的书架
  • 预约/预借图书
  • 作者相关作品
  • 分类相关作品
  • 丛书相关作品
  • 出版社相关作品

书目信息

  • 表格格式
  • 工作单格式
  • 卡片格式
题名:
生存哲学
    
 
作者: 张曙光 著
分册:  
出版信息: 昆明   云南人民出版社  2001.08
页数: 396页
开本: 21cm
丛书名: 哲学理论创新丛书
单 册:
中图分类: B086
科图分类:
主题词: 存在主义
电子资源:
ISBN: 7-222-03112-X
000 00766nam2 2200241 45
001 0210290904
005 20041108100053.5
010    @a7-222-03112-X@dCNY27.80
100    @a20021029d2001 km y0chiy0120 ea
101 0  @achi
105    @a z 000yy
200 1  @a生存哲学@ASheng Cun Zhe Xue@e走向本真的存在@EZou Xiang Ben Zhen De CunZai@f张曙光著@FZhang Shu Guang Zhu
210    @a昆明@c云南人民出版社@d2001.08
215    @a396页@d21cm
225    @a哲学理论创新丛书@f韩庆祥主编
410    @12001 @a哲学理论创新丛书
410    @1700 0@a韩庆祥@AHan Qing Xiang@4主编
517    @a走向本真的存在@AZou Xiang Ben Zhen De Cun Zai
606 0  @a存在主义
690    @aB086@v4
701    @a张曙光@4著
801    @aCN@bTSTC@c20021029
905    @b316375-377@dB086@e22@f3
    
    生存哲学:走向本真的存在/张曙光著.-昆明:云南人民出版社,2001.08
    396页;21cm.-(哲学理论创新丛书/韩庆祥主编)
    
    
    ISBN 7-222-03112-X:CNY27.80
    
●
相关链接 在E读中查询图书 在五车中查询图书 在当当中查询图书 在豆瓣中查询图书


正题名:生存哲学     索取号:B086/22         预约/预借

序号 登录号 条形码 馆藏地/架位号 状态 备注
1 0316375   203163753   第一借阅区/ [索取号:B086/22] 在馆    
2 0316376   203163762   第一借阅区/ [索取号:B086/22] 在馆    
3 0316377   203163771   第一样本阅览室/ [索取号:B086/22] 在馆    
唐山师范学院图书馆 欢迎您!
大连网信软件有限公司© 版权所有